| 000 | 01093nam a22003012a 4500 | ||
|---|---|---|---|
| 001 | 10085 | ||
| 003 | BD-RjUL | ||
| 005 | 20211208234906.0 | ||
| 008 | 140122s1969 nyua b 001 0 eng d | ||
| 020 | _a0471590053 | ||
| 035 | _a(BD-RjUL)10132 | ||
| 040 |
_aDLC _cDLC _dUKM _dEQO _dBD-RjUL _beng |
||
| 041 | _aeng | ||
| 082 |
_a155.4 _bMEC 1969 |
||
| 100 | 1 |
_aMedinnus, Gene Roland. _931124 |
|
| 245 | 1 | 0 |
_aChild & adolescent psychology : _bbehavior and development / _cGene R. Medinnus [and] Ronald C. Johnson |
| 260 |
_aNew York : _bWiley, _cc1969 |
||
| 300 |
_aviii, 787 p. : _billus. ; _c23 cm. |
||
| 500 | _a"An extension of the second edition of Child psychology: behavior and development [by R. C. Johnson and G. R. Medinnus]" | ||
| 504 | _aIncludes bibliographies and index. | ||
| 650 | 0 |
_aChild psychology _93848 |
|
| 650 | 0 |
_aAdolescence _95452 |
|
| 700 | 1 |
_aJohnson, Ronald C. _q(Ronald Charles) _931125 |
|
| 700 | 1 |
_aJohnson, Ronald C. _q(Ronald Charles). _tChild psychology; behavior & development. _931126 |
|
| 942 |
_2ddc _cBK |
||
| 999 |
_c10085 _d10085 |
||